Multiple-Choice-Stadtquiz Siegen - Statistiken

Allgemein
  • Dieses Quiz wurde 23 mal gespielt
  • Das Durchschnittsergebnis liegt bei 7 aus 10
Antwortstatistiken
Frage Antwort % Korrekt
Die Stadt ist bekannt für ihr Oberes Schloss. Zeigen Sie es.
100%
In welchem Bundesland liegt die Stadt? Nordrhein-Westfallen
100%
Welcher Fluss fließt durch die Stadt? Sieg
95%
In welcher Branche ist sie bekannt? Bergbauindustrie
86%
Mit welcher italienischen Stadt Siegen verglichen wird, ist hinsichtlich ihrer Geografie ähnlich. Nach Rom, weil es die Stadt der sieben Hügel genannt wird.
81%
Zu welcher Dynastie gehörte die Stadt? Nassau
76%
Für den Abbau welcher Rohstoffe ist die Stadt bekannt? Eisen
52%
In welchem der angegebenen Jahre wurde die Stadt nicht stark zerstört? 1918
33%
Welches Tier erscheint im Wappen der Stadt und der Dynastie, die die Stadt regierte? Löwe
33%
Which of these people is not connected to Siegen? Erich Fromm
19%
Keine übereinstimmenden Quizze gefunden
Verteilung der Resultate
Anzahl Personen mit jedem Resultat
Perzentil nach korrekt beantworteten Fragen
Ihre Resultats-Entwicklung
Sie haben dieses Quiz noch nicht gespielt